000 00918nac a22002651i 4500
003 EG-ScBUE
005 20260316111525.0
008 260316s1995 nyua f b 001 0 eng d
020 _a019505606X (cloth : acid-free paper)
040 _aEG-ScBUE
_beng
_erda
_cEG-ScBUE
_dEG-ScBUE
082 0 4 _a550
_bAND
_222
100 1 _aAnderson, O. L.,
_eauthor.
245 1 0 _aEquations of state of solids for geophysics and ceramic science /
_cOrson L. Anderson.
264 1 _aNew York :
_bOxford University Press,
_c1995.
300 _axix, 405 pages :
_billustrations ;
_c24 cm
336 _2rdacontent
_atext
_btxt
337 _aunmediated
_2rdamedia
_bn
338 _avolume
_bnc
_2rdacarrier
504 _aIncludes bibliographical references and index.
650 7 _aGeophysics.
_2BUEsh
650 7 _aEquations of state.
_2BUEsh
650 7 _aThermodynamics.
_2BUEsh
655 _vReading book
942 _cBB
_2ddc
999 _c6895
_d6895